000 00590nam a2200193Ia 4500
005 20250326144947.0
008 250326s9999 xx 000 0 und d
020 _a0-88182-313-6
037 _aTextbook
040 _aFMSL
_beng
_cFMSL
041 _aeng
_2eng
084 _aX65.4 P1
_qFMSL
100 _aMoran T H
_9750379
245 0 _aParental supervision: New paradigm for foreign direct investment and development
_cMoran T H
260 _aUSA
_bUSA, Institute for International Economics
_c2001
300 _a86p
942 _cTB
_hX65.4 P1
999 _c1305806
_d1305806